Evaluación del curso virtual de algoritmización y estructura de datos de la carrera de ingeniería en computación de la facultad de electrotecnia y computación utilizando el modelo ADDIE
Presenta una forma para evaluar el diseño y la calidad de uno de los recursos que se ha virtualizado en la UNI, concretamente el curso de Algoritmización y Estructura de Datos de la carrera de Ingeniería en Computación, con el fin de proponer mejoras en él mismo y lograr aportar a la formación...
| Main Authors: | , |
|---|---|
| Other Authors: | |
| Format: | Tesis Section = Libro |
| Language: | Undetermined Spanish |
| Published: |
Managua
UNI
2021
|
| Subjects: |
| LEADER | 01260nam a2200265Ia 4500 | ||
|---|---|---|---|
| 008 | 240830s9999 xx 000 0 und d | ||
| 040 | |a BIBLIOTECA-RUSB/ Mon 006.3 A167 | ||
| 041 | |a spa | ||
| 082 | |a Mon 006.3 A167 | ||
| 100 | 1 | |a Aburto Plata, Eliezer Josué | |
| 100 | 1 | |b Urbina Latino, Kevin Ismael | |
| 245 | 1 | 0 | |a Evaluación del curso virtual de algoritmización y estructura de datos de la carrera de ingeniería en computación de la facultad de electrotecnia y computación utilizando el modelo ADDIE |
| 260 | |a Managua |b UNI |c 2021 | ||
| 300 | |a 66 p. :il. | ||
| 500 | |a Incluye anexos y CD. | ||
| 502 | |a Tesis (Ingeniero en Computación) - UNI, 2021. | ||
| 520 | 3 | |a Presenta una forma para evaluar el diseño y la calidad de uno de los recursos que se ha virtualizado en la UNI, concretamente el curso de Algoritmización y Estructura de Datos de la carrera de Ingeniería en Computación, con el fin de proponer mejoras en él mismo y lograr aportar a la formación de profesionales altamente capacitados. | |
| 650 | 7 | |a APRENDIZAJE AUTOMATIZADO | |
| 650 | 7 | |b PROGRAMACION | |
| 650 | 7 | |c CURSO VIRTUAL | |
| 650 | 7 | |d E-LEARNING | |
| 700 | 1 | |a Tutor: |b Lacayo Saballos, Gabriel Rafael | |
| 942 | |c BK |2 ddc | ||
| 991 | |a TESIS | ||
| 999 | |c 22240 | ||